000 00919cam a2200277 a 4500
001 3193
005 20250909105836.0
020 _a0590737910
040 _aDLC
_cDLC
_dDLC
_beng
050 0 0 _aPZ7.H67562
082 0 0 _a475
100 1 _aHoffman, Mary
_d1945-
245 1 0 _aBoundless Grace :
_cby Hoffman, Mary ; pictures by Binch, Caroline
_bSequel to Amazing Grace /
250 _aFirst Scholastic printing, October 1997
260 _aNew York :
_bScholastic ,
_c1995
300 _a30 unnumbered pages :
_bcolor illustrations ;
_c28 cm.
505 _aN
520 _aGrace is invited for a visit with her father and his new family in Africa.
521 _a560
_bLexile
521 _aN
_bRaz-Plus
650 1 _aStepfamilies
_vFiction
650 1 _aAfrican Americans
_vFiction
700 1 _aBinch, Caroline
_eillustrator
906 _a7
_bcbc
_corignew
_d1
_eocip
_f19
_gy-gencatlg
942 _2ddc
_cBK
_n0
999 _c3193
_d3193